[Event "Club Championships"]
[Site "Wellington Chess Club"]
[Date "2012.09.04"]
[Round "6"]
[White "Jackson, Ross"]
[Black "Nyberg, Michael"]
[Result "1/2-1/2"]
[WhiteElo "2026"]
[BlackElo "2074"]

1. d4 d5 2. c4 c6 3. Nf3 g6 4. e3 Bg7 5. Nc3 Nf6 6. Be2 Nbd7 7. O-O dxc4 8.
Bxc4 b5 9. Bb3 (9. Bxf7+ $1) 9... O-O 10. a4 b4 11. Ne2 a5 12. Ng3 Ba6 13. Re1
c5 14. e4 c4 15. Bc2 Rc8 16. b3 Nb6 17. Ne5 Nfd7 18. Nxd7 Qxd7 19. Be3 Rfd8 20.
e5 Nd5 21. Ne4 cxb3 22. Bxb3 Nc3 23. Nxc3 bxc3 24. Qf3 Bc4 25. Bc2 Rb8 26. Ra3
Bd5 27. Qe2 Qc6 28. f3 e6 29. Qd3 Rdc8 30. Bc1 Bf8 31. Ra1 Rb2 32. Be3 Rcb8 33.
Bc1 Ra2 34. Rxa2 Bxa2 35. Re3 Bb4 36. f4 Rd8 37. Qd1 Bd5 38. Rg3 Be4 39. Be3
Bc5 40. Bf2 Bb4 41. Qb1 Bxc2 42. Qxc2 Qc4 43. Rd3 Rd5 44. g4 Rd7 45. h3 Kg7 46.
Kh2 Qd5 47. Kg3 Rc7 48. Rd1 Rc4 49. Rd3 Qc6 50. Rd1 Ba3 51. Rd3 Bb2 52. Be1 Qh1
53. Bf2 Qe4 54. h4 Rxa4 55. Rxc3 Qxc2 56. Rxc2 Bxd4 57. Bxd4 Rxd4 58. Rc5 a4
59. Ra5 Rb4 60. g5 h5 61. gxh6+ Kxh6 62. Kg4 Rc4 63. Ra7 Kg7 64. Kf3 Rc3+ 65.
Kg4 a3 66. h5 gxh5+ 67. Kxh5 Rb3 68. Kg4 Kg6 69. Ra6 Rd3 70. f5+ Kg7 71. fxe6
fxe6 72. Rxe6 Kf7 73. Ra6 1/2-1/2

[Event "Club Championships"]
[Site "Wellington Chess Club"]
[Date "2012.09.04"]
[Round "6"]
[White "Pomeroy, Arthur"]
[Black "Sellen, Ian"]
[Result "1/2-1/2"]
[WhiteElo "2111"]
[BlackElo "2039"]

1. e4 e6 2. d4 d5 3. Nc3 Nf6 4. Bg5 Be7 5. e5 Ng8 6. Be3 c5 7. Qg4 g6 8. Nf3 f5
9. Qg3 Bd7 10. h4 Bf8 11. h5 gxh5 12. Rxh5 Ne7 13. Qh3 Qb6 14. O-O-O Na6 15.
Rxh7 Rxh7 16. Qxh7 O-O-O 17. Be2 c4 18. Bh6 Bxh6+ 19. Qxh6 Nc6 20. Qe3 Rg8 21.
Rh1 Rxg2 22. Rh8+ Nd8 23. Ng5 Nb4 24. Nf7 Nc6 25. Nxd5 Rg1+ 26. Bd1 Qa5 27. Nc3
Kc7 28. Nxd8 Nxd8 29. f4 Rg7 30. d5 exd5 31. e6 Nxe6 32. Qe5+ Kc6 33. Bf3 Rg1+
34. Kd2 Qc5 35. Qxd5+ Qxd5+ 36. Bxd5+ Kc5 37. Rh7 Rg7 38. Rxg7 Nxg7 39. Bxb7
Ne6 40. Ke3 Nd4 41. b4+ cxb3 42. cxb3 a5 43. Bd5 Nc2+ 44. Kd2 1/2-1/2

[Event "Club Championships"]
[Site "Wellington Chess Club"]
[Date "2012.09.04"]
[Round "6"]
[White "Sknar, Andrew"]
[Black "Sknar, Andrew"]
[Result "1-0"]
[WhiteElo "1427"]
[BlackElo "1011"]

1. e4 e5 2. Bc4 Bc5 3. Nf3 Nc6 4. c3 Nf6 5. Ng5 Nh5 6. Nxf7 Qe7 7. Qxh5 Rf8 8.
d4 g6 9. Qxh7 exd4 10. Bg5 Qxe4+ 11. Be2 Qxg2 12. Rf1 Rxf7 13. Qxg6 dxc3 14.
Qg8+ Rf8 15. Bh5# 1-0

[Event "Club Championships"]
[Site "Wellington Chess Club"]
[Date "2012.09.04"]
[Round "6"]
[White "Veldhuizen, Matt"]
[Black "Marney, John"]
[Result "0-1"]
[WhiteElo "1573"]
[BlackElo "1610"]

1. c4 Nf6 2. g3 e6 3. Bg2 d5 4. Nf3 c5 5. cxd5 exd5 6. d4 Nc6 7. O-O Be7 8. Nc3
O-O 9. a3 h6 10. Bf4 Be6 11. Nb5 Rc8 12. Rc1 Ne4 13. Nc3 Nxc3 14. Rxc3 cxd4 15.
Nxd4 Nxd4 16. Rxc8 Nxe2+ 17. Qxe2 Qxc8 18. Rc1 Qd8 19. Qb5 Qb6 20. Qxb6 axb6
21. Rc7 Bf6 22. Rxb7 Bxb2 23. Rxb6 Bf6 24. Bd2 Rd8 25. Bf1 Bd4 26. Rb3 Bc5 27.
a4 d4 28. Rb2 d3 29. a5 Kh7 30. Bg2 Rd4 31. Kf1 Ra4 32. Be4+ 0-1

[Event "Club Championships"]
[Site "Wellington Chess Club"]
[Date "2012.09.11"]
[Round "6"]
[White "Aldridge, Alan"]
[Black "Whittle, Jonathon"]
[Result "1-0"]
[WhiteElo "1959"]
[BlackElo "1637"]

1. d4 g6 2. c4 Bg7 3. e4 d6 4. Nc3 a6 5. Be3 c6 6. Bd3 b5 7. a3 Nd7 8. Nge2
Ngf6 9. O-O e5 10. cxb5 axb5 11. d5 cxd5 12. Nxb5 Nb6 13. Rc1 O-O 14. Rc6 d4
15. Rxd6 Nbd7 16. Bg5 h6 17. Bd2 Bb7 18. f4 Nxe4 19. Bxe4 Bxe4 20. Bb4 Rb8 21.
a4 Rc8 22. fxe5 Qg5 23. Ng3 Bc6 24. Na7 Qe3+ 25. Kh1 Nxe5 26. Nxc8 Rxc8 27. Bd2
Bxa4 28. Bxe3 Bxd1 29. Bxd4 Nc4 30. Rd7 Bxd4 31. Rxd4 Bb3 32. Ne4 Ne3 33. Rg1
Rc2 34. Rd2 Rc4 35. Nc3 Rf4 36. Re2 Ng4 37. h3 Nf2+ 38. Kh2 Bc4 39. Rd2 h5 40.
Kg3 Ne4+ 41. Nxe4 Rxe4 42. Rgd1 h4+ 43. Kh2 Kg7 44. Rd4 f5 45. Rxe4 fxe4 46.
Kg1 Kf6 47. Kf2 Ke6 48. Ke3 Ke5 49. Rd4 Bd3 50. Rxd3 exd3 51. Kxd3 Kf4 52. Ke2
Ke4 53. b4 1-0

[Event "Club Championships"]
[Site "Wellington Chess Club"]
[Date "2012.09.11"]
[Round "7"]
[White "Brockway, Andrew"]
[Black "Farrington, Lawrence"]
[Result "1/2-1/2"]
[WhiteElo "1798"]
[BlackElo "1751"]

1. e4 e6 2. d4 d5 3. Nd2 c5 4. Ngf3 dxe4 5. Nxe4 Nc6 6. dxc5 Qxd1+ 7. Kxd1 Nf6
8. Nxf6+ gxf6 9. Be3 e5 10. Bb5 Bg4 11. Ke2 e4 12. Rhg1 exf3+ 13. gxf3 Be6 14.
Bd4 Be7 15. c3 O-O-O 16. Bxc6 bxc6 17. b3 Rhg8 18. Rg3 Rg6 19. Rh1 Rdg8 20.
Rhg1 f5 21. Rxg6 hxg6 22. f4 f6 23. h4 Bf7 24. f3 Rh8 25. Bf2 Re8 26. Kd2 Rg8
27. Be3 Rh8 28. Bf2 Rd8+ 29. Ke2 Rg8 30. Be3 Bd8 31. Kf2 Rh8 32. Kg3 Kd7 33.
Rd1+ Kc7 34. Rd2 Be7 35. Rd1 Rd8 36. Rxd8 Bxd8 37. Kf2 Kb7 38. Ke2 a5 39. c4 a4
40. Kd3 axb3 41. axb3 Ka6 42. b4 Bc7 43. Kc3 Kb7 44. Kd3 Kc8 45. Kc3 Kd8 46.
Kd3 Be8 47. Kc3 Ke7 48. Kb3 Bd7 49. Ka4 Kd8 50. Kb3 Be6 51. Kc3 Ke7 52. Kd3 Kf7
53. b5 cxb5 54. cxb5 Bd5 55. c6 Ke7 56. b6 Bxb6 57. Bxb6 Bxc6 58. Ke3 Kf7
1/2-1/2

[Event "Club Championships"]
[Site "Wellington Chess Club"]
[Date "2012.09.11"]
[Round "7"]
[White "Cook, John"]
[Black "Theodosiou, Andreas"]
[Result "1-0"]
[WhiteElo "1611"]
[BlackElo "1232"]

1. d4 e6 2. e3 d5 3. Bd3 c5 4. c3 Nf6 5. Nd2 Nc6 6. f4 c4 7. Bc2 b5 8. Ngf3 b4
9. Ne5 Nxe5 10. fxe5 Nd7 11. O-O Be7 12. Qh5 g6 13. Qf3 Rf8 14. e4 f6 15. Qh3
fxe5 16. Qxe6 Rxf1+ 17. Nxf1 Nf8 18. Qxe5 dxe4 $2 19. Bxe4 Rb8 20. Qxb8 bxc3
21. bxc3 Ne6 22. Bd2 Bd6 23. Qb5+ Kf7 24. Qxc4 Kg7 25. Ng3 Qb6 26. Qxc8 Nxd4
27. Qd7+ Kf6 28. Rf1+ Ke5 29. Qe8+ Ne6+ 30. Kh1 {Resigns. } 1-0

[Event "Club Championships"]
[Site "Wellington Chess Club"]
[Date "2012.09.11"]
[Round "7"]
[White "Ker, Anthony"]
[Black "Pomeroy, Arthur"]
[Result "1/2-1/2"]
[WhiteElo "2449"]
[BlackElo "2111"]

1. e4 c5 2. c3 Nf6 3. e5 Nd5 4. d4 cxd4 5. Nf3 e6 6. cxd4 d6 7. Bc4 Nb6 8. Bd3
Nc6 9. a3 dxe5 10. dxe5 Nd7 11. Bf4 Nc5 12. Bc2 Qxd1+ 13. Kxd1 a5 14. Nc3 Be7
15. Na4 Nxa4 16. Bxa4 Bd7 17. Bc2 Bc5 18. Ke2 Nd4+ 19. Nxd4 Bxd4 20. Rhd1 Bb5+
21. Bd3 Bc6 22. Bc4 Rd8 23. Rd2 Ke7 24. Rad1 Bb6 25. f3 h6 26. b4 g5 27. Bg3
Rxd2+ 28. Rxd2 axb4 29. axb4 Ra8 30. Kd3 Rd8+ 31. Kc3 Rc8 32. Kb3 Be3 33. Rd3
Bb6 34. Be1 Ba4+ 35. Kxa4 Rxc4 36. Kb5 Rd4 37. Rc3 Bd8 38. g4 Rd5+ 39. Rc5 Rd3
40. Rc3 Rd5+ 1/2-1/2

[Event "Club Championships"]
[Site "Wellington Chess Club"]
[Date "2012.09.11"]
[Round "7"]
[White "Sellen, Ian"]
[Black "Jackson, Ross"]
[Result "1/2-1/2"]
[WhiteElo "2039"]
[BlackElo "2026"]

1. c4 Nf6 2. g3 d6 3. Bg2 g6 4. Nc3 Bg7 5. d4 O-O 6. Bg5 h6 7. Bd2 c5 8. d5 a6
9. e4 e6 10. Nge2 exd5 11. exd5 Bg4 12. O-O Re8 13. f3 Bd7 14. Qb3 b5 15. Ne4
bxc4 16. Qb7 Nxd5 17. Qxd5 Bc6 18. Qxc4 d5 19. Qc2 dxe4 20. fxe4 Nd7 21. Nc3
Rb8 22. Kh1 Qb6 23. Rab1 Qb7 1/2-1/2

[Event "Club Championships"]
[Site "Wellington Chess Club"]
[Date "2012.09.11"]
[Round "7"]
[White "Stracy, Don"]
[Black "Roberts, Michael"]
[Result "0-1"]
[WhiteElo "1828"]
[BlackElo "1843"]

1. e4 e5 2. Nf3 Nc6 3. Bb5 a6 4. Ba4 Nf6 5. O-O Nxe4 6. d4 b5 7. Bb3 d5 8. dxe5
Be6 9. c3 Bc5 10. Nd4 $2 Nxe5 11. Nxe6 fxe6 12. Be3 O-O 13. Bxc5 Nxc5 14. Bc2
Qg5 15. Kh1 Ng4 16. Qe2 Qh4 17. h3 Nxf2+ 18. Kg1 Nfe4 (18... Nxh3+ $1 19. gxh3
Rxf1+ 20. Qxf1 Rf8 21. Qg2 Qe1+ { etc finishes it off nicely} ) 19. Nd2 Nxd2
20. Qxd2 Qe7 21. b4 Nd7 22. Rad1 c6 23. Qe2 e5 24. a4 e4 25. Ra1 Ne5 26. a5
Rxf1+ 27. Rxf1 Rf8 28. Qe3 Rxf1+ 29. Kxf1 Nc4 30. Qd4 Qf6+ 31. Qxf6 gxf6 32.
Ke2 Kf7 33. Bb3 Ne5 34. Ke3 f5 35. Kd4 Kf6 36. Kc5 Ke7 37. Bd1 Kd7 38. Bh5 f4
39. Kb6 f3 40. gxf3 exf3 41. Kxa6 Kc7 42. Ka7 f2 43. Be2 Nc4 44. a6 Ne3 0-1

[Event "Club Championships"]
[Site "Wellington Chess Club"]
[Date "2012.09.20"]
[Round "8"]
[White "Dive, Russell"]
[Black "Nyberg, Michael"]
[Result "0-1"]
[WhiteElo "2437"]
[BlackElo "2074"]

1. Nf3 Nf6 2. c4 c6 3. b3 d5 4. Bb2 g6 5. cxd5 cxd5 6. Bxf6 exf6 7. e3 Nc6 8.
d4 Bg4 9. Be2 Bb4+ 10. Nfd2 Bf5 11. O-O O-O 12. a3 Bd6 13. Nc3 Re8 14. Bf3 Be6
15. g3 Bf8 16. b4 Rc8 17. Qb3 Ne7 18. Rfc1 Bh6 19. Bg2 Nf5 20. Ne2 Qd6 21. Rc5
b6 22. Rxc8 Rxc8 23. Nb1 a5 24. bxa5 bxa5 25. Nbc3 Rb8 26. Qa4 Qa6 27. Bf1 Qa7
28. Nb5 Qb6 29. Rb1 Bd7 30. Nec3 Nxe3 31. fxe3 Bxe3+ 32. Kh1 Bf5 33. Re1 Bd2
34. Rd1 Bxc3 35. Nxc3 Qb2 36. Qxa5 Bg4 37. Nxd5 Qf2 38. Nxf6+ Qxf6 39. Re1 Bf3+
40. Bg2 Rb2 0-1

[Event "Club Championships"]
[Site "Wellington Chess Club"]
[Date "2012.09.20"]
[Round "8"]
[White "Pomeroy, Arthur"]
[Black "Stone, Andrew"]
[Result "1/2-1/2"]
[WhiteElo "2111"]
[BlackElo "2033"]

1. e4 e6 2. d4 d5 3. Nc3 Bb4 4. e5 c5 5. a3 Bxc3+ 6. bxc3 Qc7 7. Nf3 Nc6 8. a4
f6 9. Bb5 Ne7 10. Ba3 O-O 11. O-O fxe5 12. dxe5 b6 13. Re1 Ng6 14. Qe2 Rf5 15.
Bd3 Nf4 16. Qe3 Nxd3 17. cxd3 d4 18. cxd4 cxd4 19. Qe4 Bb7 20. Bd6 Qf7 21. Qh4
Rf4 22. Qg3 Na5 23. Rac1 Qf5 24. Nh4 Qg4 25. Qxg4 Rxg4 26. g3 Bc6 27. Ng2 Bxa4
28. Nf4 Rxf4 29. gxf4 Bb5 30. Rc7 Nb3 31. Rb1 Ba4 32. Rb2 a5 33. Rbc2 Nc5 34.
Rc4 Bb5 35. Rxd4 Nxd3 36. Ba3 h6 37. Rd6 Nxf4 38. Rxb6 Nd5 39. Rxg7+ 1/2-1/2

[Event "Club Championships"]
[Site "Wellington Chess Club"]
[Date "2012.09.20"]
[Round "8"]
[White "Timergazi, Layla"]
[Black "Aldridge, Alan"]
[Result "0-1"]
[WhiteElo "1755"]
[BlackElo "1959"]

1. d4 Nf6 2. c4 e6 3. Nc3 Bb4 4. Nf3 O-O 5. e3 b6 6. Bd3 Bb7 7. O-O d5 8. a3
Bxc3 9. bxc3 c5 10. Ne5 Nc6 11. f4 Rc8 12. Qc2 dxc4 13. Nxc4 b5 14. Ne5 c4 15.
Be2 Na5 16. Bf3 Bxf3 17. Rxf3 Nb3 18. Rb1 Qd5 19. Rh3 Qe4 20. Qb2 Nd5 21. Ng4
Nxc3 0-1

[Event "Club Championships"]
[Site "Wellington Chess Club"]
[Date "2012.09.20"]
[Round "9"]
[White "Ker, Anthony"]
[Black "Jackson, Ross"]
[Result "1-0"]
[WhiteElo "2449"]
[BlackElo "2026"]

1. e4 e5 2. Nf3 Nc6 3. d4 exd4 4. Nxd4 Qf6 5. Nxc6 Qxc6 6. Bd3 Bb4+ 7. Bd2
Bxd2+ 8. Qxd2 Nf6 9. Nc3 O-O 10. O-O-O d6 11. h3 Be6 12. f4 a6 13. Rhe1 Rad8
14. g4 b5 15. g5 Ne8 16. Qe2 Qa8 17. f5 Bd7 18. Nd5 c5 19. Qh5 Qb7 20. Rf1 f6
21. Ne7+ Kh8 22. Qxh7+ $1 Kxh7 23. g6+ Kh6 24. Rf4 Bxf5 25. Rg1 1-0

[Event "Club Championships"]
[Site "Wellington Chess Club"]
[Date "2012.09.27"]
[Round "9"]
[White "Brockway, Andrew"]
[Black "Roberts, Michael"]
[Result "1-0"]
[WhiteElo "1798"]
[BlackElo "1843"]

1. e4 e5 2. Nf3 Nc6 3. Bb5 a6 4. Bxc6 dxc6 5. O-O Bg4 6. h3 h5 7. d3 Qf6 8.
Nbd2 Bc5 9. Re1 O-O-O 10. Nc4 Bxf3 11. Qxf3 Qxf3 12. gxf3 f6 13. Be3 Bxe3 14.
fxe3 Ne7 15. Kf2 c5 16. Ke2 b5 17. Nd2 Kb7 18. a4 Nc6 19. Nb3 c4 20. dxc4 bxc4
21. Nd2 Na5 22. Rg1 Rd7 23. Rad1 Rhd8 24. Nb1 Kc6 25. Nc3 Rxd1 26. Nxd1 g5 27.
Nc3 Rd6 28. Nd5 Kd7 29. Rd1 Kc6 30. Nb4+ Kb6 31. Rxd6+ cxd6 32. Nd5+ Kc5 33.
Nxf6 Kb4 34. Nh7 Kxa4 35. Nxg5 Kb5 36. f4 Nc6 37. f5 Ne7 38. f6 Ng6 39. Nh7 Nh8
40. Ng5 Ng6 41. Kd2 Kc6 42. Kc3 d5 43. exd5+ Kxd5 44. e4+ 1-0

[Event "Club Championships"]
[Site "Wellington Chess Club"]
[Date "2012.09.27"]
[Round "9"]
[White "Cook, John"]
[Black "Sknar, Andrew"]
[Result "1-0"]
[WhiteElo "1611"]
[BlackElo "1011"]

1. d4 f5 2. e3 d5 3. Nf3 Nc6 4. Ne5 Nxe5 5. dxe5 e6 6. Nd2 Bb4 7. c3 Bc5 8. b4
Be7 9. Nf3 Qd7 10. Be2 b6 11. Nd4 Bb7 12. Bb5 c6 13. Be2 O-O-O 14. Qa4 b5 15.
Qxa7 Kc7 16. Qa5+ Kc8 17. Qa3 Kc7 18. Qb2 Ra8 19. Bd1 c5 20. bxc5 Bxc5 21.
Nxb5+ Kc8 22. a4 Bc6 23. Be2 Bxb5 24. axb5 Rxa1 25. Qxa1 d4 26. exd4 Bb6 27.
Ba3 Ba5 28. Bd6 Qd8 29. O-O Bb6 30. Qa8+ Kd7 31. Qc6# 1-0

[Event "Club Championships"]
[Site "Wellington Chess Club"]
[Date "2012.09.27"]
[Round "9"]
[White "Nijman, Brian"]
[Black "Pomeroy, Arthur"]
[Result "1-0"]
[WhiteElo "2156"]
[BlackElo "2111"]

1. e4 c5 2. c3 Nf6 3. e5 Nd5 4. d4 cxd4 5. Qxd4 e6 6. Bd3 Nc6 7. Qe4 f5 8. Qe2
Be7 9. Nd2 O-O 10. Nh3 d6 11. f4 Bd7 12. O-O dxe5 13. fxe5 Bc5+ 14. Kh1 Qc7 15.
Nf3 Be8 16. Nfg5 Qe7 17. Nf4 Nxf4 18. Bxf4 h6 19. Nxe6 g5 20. Nxf8 gxf4 21. Ne6
1-0

[Event "Club Championships"]
[Site "Wellington Chess Club"]
[Date "2012.09.27"]
[Round "9"]
[White "Nyberg, Michael"]
[Black "Forster, Bill"]
[Result "0-1"]
[WhiteElo "2074"]
[BlackElo "2049"]

1. e4 c5 2. Nf3 Nc6 3. d4 cxd4 4. Nxd4 g6 5. Be3 Nf6 6. Nd2 Bg7 7. Bc4 O-O 8.
O-O Ng4 9. c3 Nxe3 10. fxe3 Ne5 11. Bb3 e6 12. Nc4 Qc7 13. Qe2 a6 14. Rad1 b6
15. Nxe5 Qxe5 16. Bc2 Ra7 17. Qf2 Rc7 18. Qh4 b5 19. Kh1 Rc5 20. Nf3 Qc7 21.
Ng5 h6 22. Nf3 b4 23. Ba4 bxc3 24. bxc3 Rxc3 25. Qe1 Rc4 26. Bb3 Rxe4 27. Nd2
Rg4 28. Nf3 Bb7 29. Rc1 Qb8 30. Qd2 Bxf3 31. gxf3 Rh4 32. Rf2 d5 33. Rg1 Qe5
34. Qd3 Rc8 35. Qxa6 Rc3 36. Qa8+ Kh7 37. Qd8 Rh3 38. Bd1 Rxe3 39. Qa5 Qf5 40.
Bc2 Qh5 41. Bd1 Qh4 42. Qd2 Be5 43. Rgg2 Bf4 44. Qb4 Kg7 (44... Bxh2 $3 45.
Rxh2 (45. Qxh4 Re1+) 45... Rxh2+ 46. Rxh2 Qxb4) 45. Qb2+ e5 46. Qb4 d4 47. Qa5
Bxh2 48. Rxh2 Rxh2+ 49. Rxh2 Qe1+ 50. Qxe1 Rxe1+ 51. Kg2 Rxd1 52. Kg3 Ra1 53.
Rd2 Kf6 0-1

[Event "Club Championships"]
[Site "Wellington Chess Club"]
[Date "2012.09.27"]
[Round "9"]
[White "Sknar, Andrew"]
[Black "Marney, John"]
[Result "1-0"]
[WhiteElo "1427"]
[BlackElo "1610"]

1. e4 e5 2. Nf3 Nc6 3. c3 Nf6 4. d3 Be7 5. h4 d6 6. Be2 h6 7. a4 Be6 8. Be3 Na5
9. c4 O-O 10. b4 Nc6 11. Qc1 Ng4 12. b5 Nxe3 13. Qxe3 Nb8 14. d4 exd4 15. Nxd4
Nd7 16. g4 Ne5 17. g5 hxg5 18. hxg5 Bxg5 19. Qg3 Qf6 20. Qh2 Bh6 21. Ra3 Qf4
22. Qxf4 Bxf4 23. Nf5 Rae8 24. Rah3 Ng6 25. Nc3 f6 26. Rh7 Bh6 27. R1xh6 gxh6
28. Rg7+ Kh8 29. Rxg6 Bxf5 30. exf5 Kh7 31. Nd5 Re5 32. Nxf6+ Kh8 33. Rxh6+ Kg7
34. Rg6+ Kf7 35. Nd7 Rxf5 36. Nxf8 Kxf8 37. Rg3 c6 38. Rf3 Rxf3 39. Bxf3 cxb5
40. axb5 b6 41. Ke2 Ke7 42. Bd5 Kf6 43. f4 Kf5 44. Ke3 Kf6 45. Ke4 Ke7 46. Kf5
Kf8 1-0

[Event "Club Championships"]
[Site "Wellington Chess Club"]
[Date "2012.09.27"]
[Round "9"]
[White "Stoeveken, Peter"]
[Black "Dive, Russell"]
[Result "0-1"]
[WhiteElo "1917"]
[BlackElo "2437"]

1. d4 Nf6 2. c4 e6 3. Nc3 Bb4 4. Bg5 h6 5. Bh4 c5 6. e3 Qa5 7. Qd3 Ne4 8. Ne2
d5 9. f3 Nxc3 10. Nxc3 cxd4 11. Qxd4 O-O 12. Rc1 Qxa2 13. Bd3 Nc6 14. O-O Qxb2
15. Qg4 Bxc3 16. f4 Bd2 17. Rc2 Bxe3+ 18. Kh1 Qd4 19. Rd1 Qxf4 20. Qh5 e5 21.
Rf1 Bg4 {f} 0-1

[Event "Club Championships"]
[Site "Wellington Chess Club"]
[Date "2012.09.27"]
[Round "9"]
[White "Stone, Andrew"]
[Black "Sellen, Ian"]
[Result "1-0"]
[WhiteElo "2033"]
[BlackElo "2039"]

1. e4 e6 2. d4 d5 3. Nc3 Bb4 4. e5 c5 5. a3 Ba5 6. b4 cxb4 {Not book. }  (6...
cxd4 { is normal} ) 7. Nb5 Nc6 8. Nd6+ Kf8 9. Qh5 Qe7 10. Nf3 g6 11. Bh6+ Nxh6
12. Qxh6+ Kg8 13. Bd3 bxa3+ 14. Kf1 Bb4 15. Qf4 Kg7 16. h4 Bxd6 17. exd6 Qf6
18. Qe3 h6 19. Ne5 Qd8 20. Qf4 Rf8 21. Ng4 Rh8 22. Rxa3 f6 23. Bxg6 $5 Kxg6 24.
Rg3 Kf7 25. Nxh6+ Kf8 $4 {not seeing my opponent's strong reply}  (25... Ke8
{would be pretty much equal according to Rybka} ) 26. Qg4 $1 Ke8 27. Qg7 $4 (
27. Qg6+ Kd7 28. Qg7+ Ne7 29. dxe7 Qxe7 30. Qxh8 {is the best way to win
quickly} ) 27... Rf8 $4 (27... Rxh6 28. Qxh6 Kd7 { is survivable} ) 28. Qxf8+
1-0

[Event "Club Championships"]
[Site "Wellington Chess Club"]
[Date "2012.10.04"]
[Round "1"]
[White "Pomeroy, Arthur"]
[Black "Nyberg, Michael"]
[Result "1-0"]
[WhiteElo "2111"]
[BlackElo "2074"]

1. e4 c6 2. d4 d5 3. e5 Bf5 4. h4 h6 5. g4 Be4 6. f3 Bh7 7. e6 fxe6 8. Bd3 Qd6
9. Bxh7 Rxh7 10. Qd3 Rh8 11. Ne2 Nd7 12. Bf4 Qb4+ 13. Nbc3 Ngf6 14. Bc7 Nb6 15.
O-O Kd7 16. Bg3 g5 17. hxg5 hxg5 18. a3 Qc4 19. Qe3 Bg7 20. b3 Qa6 21. Kg2 Raf8
22. Rae1 Nc8 23. Na4 b6 24. Nc1 Qb7 25. Nd3 Ke8 26. Qxe6 Qd7 27. Qe2 Ng8 28.
Nac5 bxc5 29. Nxc5 Qd8 30. Ne6 Qb6 31. Nxg7+ Kd7 32. Qe6+ Kd8 33. Qe5 Rf6 34.
Ne6+ Kd7 35. Nc5+ Kd8 36. Rh1 Rxh1 37. Rxh1 Nh6 38. Qxg5 Qb5 39. c4 dxc4 40.
Rxh6 Rf8 41. Ne6+ 1-0

[Event "Club Championships"]
[Site "Wellington Chess Club"]
[Date "2012.10.04"]
[Round "2"]
[White "Jackson, Ross"]
[Black "Stone, Andrew"]
[Result "1/2-1/2"]
[WhiteElo "2026"]
[BlackElo "2033"]

1. d4 Nf6 2. c4 g6 3. Nc3 d5 4. cxd5 Nxd5 5. e4 Nxc3 6. bxc3 Bg7 7. Bc4 c5 8.
Ne2 Nc6 9. Be3 O-O 10. O-O Bg4 11. f3 Na5 12. Bd3 cxd4 13. cxd4 Be6 14. Qa4 a6
15. Rac1 b5 16. Qc2 Rc8 17. Qd2 Nc4 18. Bxc4 Bxc4 19. Rfd1 e5 20. d5 f5 21. Qe1
f4 22. Bf2 g5 23. Rc2 h5 24. Nc1 Rf6 25. Nb3 Rg6 26. Na5 g4 27. fxg4 Rxg4 28.
Nxc4 bxc4 29. h3 Rg6 30. Rdc1 f3 31. Be3 Qd7 32. Qh4 fxg2 33. Rxg2 Rxg2+ 34.
Kxg2 Qa4 35. Qf2 c3 36. Qc2 Qc4 {fs} 1/2-1/2

[Event "Club Championships"]
[Site "Wellington Chess Club"]
[Date "2012.10.04"]
[Round "3"]
[White "Farrington, Lawrence"]
[Black "Whittle, Jonathon"]
[Result "1-0"]
[WhiteElo "1751"]
[BlackElo "1637"]

1. e4 g6 2. d4 Bg7 3. Nf3 d6 4. Be2 Nd7 5. Nc3 a6 6. Be3 b6 7. Qd2 e6 8. Bg5 f6
9. Bh4 Ne7 10. Rd1 h5 11. h3 g5 12. Bg3 Ng6 13. Bd3 e5 14. Bc4 Nf4 15. Bxf4
gxf4 16. Bd5 Ra7 17. Nh4 Nf8 18. Bc6+ Kf7 19. Bd5+ Ne6 20. Nf5 Qe8 21. Nxg7
Kxg7 22. Bxe6 Bxe6 23. Qe2 Qg6 24. Qf3 Raa8 25. Ne2 Rag8 26. dxe5 fxe5 27. Qd3
Kf6 28. Rg1 a5 29. f3 Rg7 30. Kd2 h4 31. Kc1 Qf7 32. Qc3 Kg6 33. Qd2 Rhg8 34.
Qe1 Rh8 35. Nc3 Qg8 36. Qf2 Bxa2 37. b3 Bxb3 38. cxb3 Qxb3 39. Qb2 Qc4 40. Qc2
Qa6 41. Nd5 Rc8 42. Rd3 c6 43. Rc3 b5 44. Nxf4+ exf4 45. e5+ Kf7 46. Qf5+ Kg8
47. exd6 Qb7 48. Qxf4 Rd8 49. Qf6 Qb8 50. Rxc6 Rf8 51. Qe6+ Kh8 52. Qe5 Qd8 53.
Rc7 Qf6 54. Qxf6 Rxf6 55. d7 Rd6 56. Rc8+ Rg8 57. Rxg8+ Kxg8 58. Rd1 Rc6+ 59.
Kb2 1-0

[Event "Club Championships"]
[Site "Wellington Chess Club"]
[Date "2012.10.04"]
[Round "4"]
[White "Dive, Russell"]
[Black "Sellen, Ian"]
[Result "1-0"]
[WhiteElo "2437"]
[BlackElo "2039"]

1. Nf3 d5 2. c4 e6 3. b3 Nf6 4. Bb2 Nbd7 5. e3 Be7 6. Bd3 O-O 7. O-O c5 8. Qe2
Ne4 9. Nc3 f5 10. cxd5 Nxc3 11. dxc3 exd5 12. c4 Nb6 13. cxd5 Qxd5 14. Rfd1 Qe6
15. Rac1 Bd7 16. Ne5 Bc6 17. Nxc6 Qxc6 18. e4 f4 19. Qg4 Qg6 20. Qxg6 hxg6 21.
e5 g5 22. Be4 1-0

[Event "Club Championships"]
[Site "Wellington Chess Club"]
[Date "2012.10.04"]
[Round "6"]
[White "Stoeveken, Peter"]
[Black "Nijman, Brian"]
[Result "1/2-1/2"]
[WhiteElo "1917"]
[BlackElo "2156"]

1. d4 e6 2. c4 Bb4+ 3. Bd2 a5 4. a3 Be7 5. Nf3 f5 6. Nc3 Nf6 7. Qc2 O-O 8. e4
fxe4 9. Nxe4 b5 10. Bd3 Kh8 11. Nxf6 gxf6 12. Bxh7 f5 13. Bg6 Bb7 14. Bh5 Bf6
15. cxb5 Be4 16. Qb3 Kg7 17. Ne5 Bxe5 18. dxe5 Qh4 19. Bf3 a4 20. Qc3 c6 21. b6
Ra6 22. Qe3 Bxf3 23. gxf3 f4 24. Rg1+ Kh8 25. Qc5 Rf7 26. Rg4 Qe7 27. Qxe7 Rxe7
28. Rxf4 Rxb6 29. Rxa4 Rxb2 30. O-O-O Rb3 31. Ra8 Kh7 32. Bb4 Re8 33. Rxd7+
Nxd7 34. Rxe8 Nxe5 35. Rxe6 Nxf3 36. Rxc6 Nxh2 37. Rc3 Rxc3+ 38. Bxc3 Ng4 39.
Bd4 Nh6 40. Kc2 Kg6 41. Kc3 Kf5 42. Kb4 Ke6 43. Kb5 Kd7 44. Kb6 Kc8 45. a4 Kb8
46. f4 Nf5 47. Be5+ Ka8 48. a5 Ne7 49. Kc7 Nd5+ 50. Kd6 Nxf4 51. Bxf4 Kb7
{Apparently White did not realise this is a well-known drawn position} 52. Be3
Ka6 53. Bb6 Kb7 54. Kd7 Kb8 55. Bc7+ Kb7 56. Kd6 Ka7 57. Kc6 Ka8 58. Bb6 Kb8
59. Bd4 Ka8 60. Kb6 Kb8 61. Ka6 Ka8 62. Kb6 Kb8 63. a6 Ka8 64. Kc6 Kb8 65. a7+
Ka8 1/2-1/2

[Event "Club Championships"]
[Site "Wellington Chess Club"]
[Date "2012.10.04"]
[Round "6"]
[White "Timergazi, Layla"]
[Black "Brockway, Andrew"]
[Result "1/2-1/2"]
[WhiteElo "1755"]
[BlackElo "1798"]

1. d4 Nf6 2. c4 e6 3. Nc3 Bb4 4. e3 Nc6 5. Ne2 Ne4 6. Qc2 f5 7. a3 Nxc3 8. Nxc3
Bxc3+ 9. Qxc3 Qf6 10. Bd3 O-O 11. O-O d6 12. b3 e5 13. Bb2 f4 14. Be4 exd4 15.
exd4 Ne7 16. d5 Qxc3 17. Bxc3 Bd7 18. Rfe1 Rae8 19. b4 Nf5 20. Bxf5 Bxf5 21. f3
Kf7 22. c5 Rxe1+ 23. Rxe1 Rd8 24. c6 b6 25. h4 Re8 26. Rxe8 Kxe8 27. Bxg7 Bd3
28. Bh6 Bc4 29. Bxf4 Bxd5 30. Kf2 Bxc6 31. Ke3 Bb5 32. g4 Bc6 33. Bg3 Kf7 34.
f4 Kf6 35. h5 Bd7 36. Bh4+ Kf7 37. f5 c5 38. Kf4 c4 39. g5 c3 40. g6+ hxg6 41.
fxg6+ Kg7 42. Bg5 Be6 43. Ke4 c2 44. Kd3 Bg4 45. h6+ Kxg6 46. Bd2 Bf5+ 47. Kc4
Be4 48. Kb5 Bb7 49. a4 Kh7 50. a5 bxa5 51. bxa5 Kg6 52. Kc4 a6 53. Kd3 Bc6 54.
Kxc2 Bb5 55. Kc3 Kh7 56. Kd4 Bc6 1/2-1/2

[Event "Club Championships"]
[Site "Wellington Chess Club"]
[Date "2012.10.04"]
[Round "10"]
[White "Marney, John"]
[Black "Sampathkumar, Shyamkumar"]
[Result "1-0"]
[WhiteElo "1610"]
[BlackElo "1311"]

1. e4 e5 2. Nf3 Nc6 3. d4 Nxd4 4. Nxd4 exd4 5. Qxd4 d6 6. Nc3 Nf6 7. Be2 Nd7 8.
O-O c6 9. Bf4 Qb6 10. Qxb6 Nxb6 11. Rad1 f6 12. Bxd6 Bxd6 13. Rxd6 O-O 14. Rfd1
Bd7 15. Rxd7 Nxd7 16. Rxd7 h6 17. Rxb7 a5 18. Rc7 Rab8 19. b3 Rfc8 20. Rxc8+
Rxc8 21. f4 c5 22. Nd5 Rd8 23. Bc4 Kh7 24. Kf2 1-0